| 000 | 00436nam a22001697a 4500 | ||
|---|---|---|---|
| 999 |
_c525619 _d525619 |
||
| 003 | NUST | ||
| 038 | _aWaseem | ||
| 082 |
_a390.0954 _bBUT |
||
| 100 |
_aBut, Abduljabar _916539 |
||
| 245 |
_aRasm o Rawaj / _cAbduljabar But |
||
| 260 |
_a Lahore : _bDova Publisher, _c2004. |
||
| 300 | _a336 p. ; | ||
| 500 | _aHardcover. | ||
| 880 |
_6100-01\r _aعبدالجبار بٹ |
||
| 880 |
_6245-02\r _aرسم و رواج / |
||
| 942 |
_2ddc _cBK |
||